000 00375nam a2200157Ia 4500
008 230917s9999||||xx |||||||||||||| ||und||
040 _e128681
_aMAIN
041 _aEnglish
082 _a621 S84E(9)
100 _aSatya Prakash
245 0 _aEngineering Physics. V2
250 _a9th ed.
260 _aMeerut
_bPragati Prakashan
_c2011
300 _a296 p.
942 _cBK
999 _c140994
_d140994